Shiny aplikácie v jazyku R

Vizualizácia ako jedna z najlepších možností pre vyjadrenie obsahu údajov a ich charakteru. Opis základných atribútov danej disciplíny. Zameranie sa na vizualizáciu prostredníctvom Shiny aplikácií s využitím funkcionality rovnomennej knižnice open source programovacieho jazyka R. Ukážky sofistikovan...

Description complète

Enregistré dans:
Détails bibliographiques
Auteur principal: Páleš, Michal, 1984-
Format: Chapitre de livre
Langue:slovaque
Sujets:
Tags: Ajouter un tag
Pas de tags, Soyez le premier à ajouter un tag!

MARC

LEADER 00000naa$a2200000$$$4500
001 0256964
005 20240502083730.3
041 0 |a slo 
044 |a CZ 
245 1 0 |a Shiny aplikácie v jazyku R  |c Michal Páleš 
520 |a Vizualizácia ako jedna z najlepších možností pre vyjadrenie obsahu údajov a ich charakteru. Opis základných atribútov danej disciplíny. Zameranie sa na vizualizáciu prostredníctvom Shiny aplikácií s využitím funkcionality rovnomennej knižnice open source programovacieho jazyka R. Ukážky sofistikovaných Shiny aplikácií z výučbových online programov. 
610 2 0 |a jazyky programovacie 
610 2 0 |a dáta 
610 2 0 |a metóda Monte Carlo 
610 2 0 |a simulácia 
610 2 0 |a programovanie 
100 1 |a Páleš, Michal, 1984-